[Event "Oberliga Ost A 2018 2019"]
[Site "?"]
[Date "2019.02.03"]
[Round "7.6"]
[White "Luther, Juergen"]
[Black "Just, Wolfgang"]
[Result "1/2-1/2"]
[WhiteElo "2143"]
[BlackElo "2104"]
[PlyCount "78"]
[EventDate "2018.10.21"]
[EventType "team-tourn"]
[EventCountry "GER"]
[WhiteTeam "Halle USV"]
[BlackTeam "Leipzig VfB Schach"]
[WhiteTeamCountry "GER"]
[BlackTeamCountry "GER"]

1. d4 e6 2. Nf3 b6 3. g3 Bb7 4. Bg2 f5 5. O-O Nf6 6. c4 Be7 7. Nc3 Ne4 8. Qc2
Nxc3 9. Qxc3 O-O 10. Rd1 Bf6 11. Qd2 d6 12. b3 Nd7 13. Bb2 Qe7 14. Rac1 a5 15.
Ne1 Bxg2 16. Nxg2 e5 17. dxe5 Bxe5 18. Bxe5 Nxe5 19. Nf4 Rae8 20. Nd5 Qf7 21.
Rc3 Ng4 22. f3 Nf6 23. Re1 Re5 24. Nxf6+ Qxf6 25. Re3 Rxe3 26. Qxe3 Kf7 27. Qd2
Re8 28. e4 fxe4 29. fxe4 Kg8 30. Qd5+ Qe6 31. Rf1 g6 32. Rf6 Qxd5 33. exd5 a4
34. Kf2 axb3 35. axb3 Ra8 36. Re6 Kf7 37. Kf3 Ra1 38. Re3 Rc1 39. Ke4 h6
1/2-1/2

[Event "Oberliga Ost A 2018 2019"]
[Site "?"]
[Date "2019.02.03"]
[Round "7.7"]
[White "Mader, Joerg"]
[Black "Groebel, Aaron"]
[Result "1-0"]
[WhiteElo "2095"]
[BlackElo "2098"]
[PlyCount "75"]
[EventDate "2018.10.21"]
[EventType "team-tourn"]
[EventCountry "GER"]
[WhiteTeam "Leipzig VfB Schach"]
[BlackTeam "Halle USV"]
[WhiteTeamCountry "GER"]
[BlackTeamCountry "GER"]

1. d4 Nf6 2. c4 e5 3. e3 exd4 4. exd4 d5 5. Nc3 Be7 6. Nf3 O-O 7. cxd5 Nxd5 8.
Bc4 Nb6 9. Bd3 Nc6 10. O-O Bg4 11. Be4 Bf6 12. Bxc6 bxc6 13. Be3 Re8 14. h3 Bh5
15. g4 Bg6 16. Re1 Rb8 17. g5 Be7 18. Ne5 Qd6 19. Qf3 Nd5 20. Nxc6 Nxc3 21.
bxc3 Rb6 22. d5 Rb2 23. Bxa7 Kf8 24. Qe3 f6 25. Nxe7 Rxe7 26. Bc5 Rxe3 27.
Bxd6+ cxd6 28. Rxe3 fxg5 29. a4 Rb6 30. a5 Ra6 31. c4 Bf5 32. Rb3 Ke7 33. Rb6
Ra7 34. a6 Bc8 35. Re1+ Kd7 36. Re6 Kc7 37. Rexd6 Bd7 38. Rb7+ 1-0

[Event "Oberliga Ost A 2018 2019"]
[Site "?"]
[Date "2019.02.03"]
[Round "7.8"]
[White "Groeger, Stefan"]
[Black "Mueller, Giso"]
[Result "1-0"]
[WhiteElo "2110"]
[BlackElo "2124"]
[PlyCount "63"]
[EventDate "2018.10.21"]
[EventType "team-tourn"]
[EventCountry "GER"]
[WhiteTeam "Halle USV"]
[BlackTeam "Leipzig VfB Schach"]
[WhiteTeamCountry "GER"]
[BlackTeamCountry "GER"]

1. d4 Nf6 2. c4 c5 3. d5 b5 4. cxb5 a6 5. bxa6 g6 6. Nc3 Bxa6 7. Nf3 d6 8. g3
Bg7 9. Bg2 Nbd7 10. O-O Nb6 11. Rb1 Bc4 12. e4 Bxf1 13. Bxf1 O-O 14. b3 Nfd7
15. Qc2 e6 16. Bg5 Bf6 17. Bf4 exd5 18. Bxd6 Re8 19. Nxd5 Nxd5 20. exd5 Qb6 21.
Bf4 Qb7 22. Bg2 Ra3 23. d6 Qa7 24. Qc4 Rxa2 25. Bh3 Ree2 26. Be3 Qb7 27. Bg2
Qb6 28. Qd5 Qa7 29. Bf1 Rec2 30. Bc4 Nb6 31. Qxc5 Ra1 32. Bxf7+ 1-0

[Event "Oberliga Ost A 2018 2019"]
[Site "?"]
[Date "2019.02.03"]
[Round "7.1"]
[White "Mikes, Jan"]
[Black "Natsidis, Christoph"]
[Result "1-0"]
[WhiteElo "2337"]
[BlackElo "2306"]
[PlyCount "115"]
[EventDate "2018.10.21"]
[EventType "team-tourn"]
[EventCountry "GER"]
[WhiteTeam "Magdeburg SV Rochade"]
[BlackTeam "Leipzig SG"]
[WhiteTeamCountry "GER"]
[BlackTeamCountry "GER"]

1. e4 c5 2. Nf3 e6 3. d4 cxd4 4. Nxd4 a6 5. Bd3 Nf6 6. O-O Qc7 7. Qe2 d6 8. f4
g6 9. f5 Bg7 10. Bg5 O-O 11. Nd2 Nc6 12. Nxc6 Qxc6 13. fxg6 fxg6 14. e5 Qc5+
15. Be3 Qxe5 16. Nc4 Qh5 17. Qxh5 Nxh5 18. Nxd6 Nf6 19. Bc5 Nd7 20. Ba3 Bd4+
21. Kh1 Bc5 22. Bc4 Bxa3 23. Bxe6+ Kg7 24. bxa3 Nb6 25. Bb3 Bd7 26. Nxb7 Bb5
27. Rxf8 Rxf8 28. Nd6 Bc6 29. Kg1 Rf4 30. Rd1 a5 31. g3 Rf3 32. Rd3 Rf6 33. c4
Kf8 34. c5 Nd7 35. Ne4 Rf5 36. Be6 Bxe4 37. Rxd7 Rxc5 38. Rf7+ Ke8 39. Rxh7 Rc2
40. Rh4 Bb7 41. Bb3 Rb2 42. Rg4 Rg2+ 43. Kf1 Rxh2 44. Rxg6 Kd8 45. a4 Kc7 46.
g4 Be4 47. Re6 Bb1 48. Re5 Kb6 49. Kg1 Rh4 50. g5 Bd3 51. Kf2 Rg4 52. Kf3 Rg1
53. Rd5 Ba6 54. Kf4 Bc8 55. Rb5+ Ka6 56. Rc5 Bd7 57. Rd5 Bc8 58. Rd6+ 1-0

[Event "Oberliga Ost A 2018 2019"]
[Site "?"]
[Date "2019.02.03"]
[Round "7.2"]
[White "Pietzsch, Manuel"]
[Black "Mueller, Dominik"]
[Result "1-0"]
[WhiteElo "2164"]
[BlackElo "2267"]
[PlyCount "55"]
[EventDate "2018.10.21"]
[EventType "team-tourn"]
[EventCountry "GER"]
[WhiteTeam "Leipzig SG"]
[BlackTeam "Magdeburg SV Rochade"]
[WhiteTeamCountry "GER"]
[BlackTeamCountry "GER"]

1. e4 e6 2. d4 d5 3. Nc3 dxe4 4. Nxe4 Nf6 5. Nxf6+ Qxf6 6. Nf3 h6 7. h4 c5 8.
Bg5 Qf5 9. Bd3 Qg4 10. Be3 Nd7 11. Qe2 cxd4 12. Bxd4 Bc5 13. Bxc5 Nxc5 14.
O-O-O O-O 15. Qe3 b6 16. Rh3 Nxd3+ 17. Rxd3 Bb7 18. Rg3 Qh5 19. Ne5 Rfd8 20.
Nd7 Kh8 21. Qd4 Rg8 22. Nf6 e5 23. Qd6 Qxh4 24. Nxg8 Rxg8 25. Qxe5 Bxg2 26. Rd1
Bc6 27. Rdg1 f6 28. Qc7 1-0

[Event "Oberliga Ost A 2018 2019"]
[Site "?"]
[Date "2019.02.03"]
[Round "7.3"]
[White "Kuchynka, Lukas"]
[Black "Nguyen, Alex Dac Vuong"]
[Result "1-0"]
[WhiteElo "2275"]
[BlackElo "2146"]
[PlyCount "47"]
[EventDate "2018.10.21"]
[EventType "team-tourn"]
[EventCountry "GER"]
[WhiteTeam "Magdeburg SV Rochade"]
[BlackTeam "Leipzig SG"]
[WhiteTeamCountry "GER"]
[BlackTeamCountry "GER"]

1. d4 Nf6 2. Bf4 g6 3. Nc3 d5 4. e3 Bg7 5. h4 O-O 6. h5 c5 7. hxg6 hxg6 8. Qd2
Re8 9. Nf3 Nc6 10. Ne5 Bf5 11. f3 cxd4 12. exd4 Nd7 13. g4 Ndxe5 14. dxe5 Be6
15. Qh2 Qb8 16. Qh7+ Kf8 17. O-O-O Rd8 18. Re1 d4 19. Na4 b6 20. Kb1 Qc7 21.
Bd3 Rac8 22. a3 Na5 23. Bh6 Bxh6 24. Qh8# 1-0

[Event "Oberliga Ost A 2018 2019"]
[Site "?"]
[Date "2019.02.03"]
[Round "7.5"]
[White "Niering, Martin"]
[Black "Weitzer, Steffen"]
[Result "1-0"]
[WhiteElo "2214"]
[BlackElo "2270"]
[PlyCount "49"]
[EventDate "2018.10.21"]
[EventType "team-tourn"]
[EventCountry "GER"]
[WhiteTeam "Magdeburg SV Rochade"]
[BlackTeam "Leipzig SG"]
[WhiteTeamCountry "GER"]
[BlackTeamCountry "GER"]

1. e4 d6 2. d4 g6 3. Nc3 Bg7 4. Be3 c6 5. Qd2 b5 6. Nf3 b4 7. Ne2 Nf6 8. Ng3 h5
9. Bg5 a5 10. h3 Qb6 11. Bd3 Nfd7 12. c3 c5 13. d5 a4 14. a3 c4 15. Be2 bxc3
16. bxc3 Nc5 17. O-O Nb3 18. Qb2 Qa5 19. Ra2 Bxc3 20. Qc2 Ba6 21. e5 dxe5 22.
Ne4 Bd4 23. Bxc4 Bxc4 24. Qxc4 f6 25. Bxf6 1-0

[Event "Oberliga Ost A 2018 2019"]
[Site "?"]
[Date "2019.02.03"]
[Round "7.7"]
[White "Waechter, Nathalie"]
[Black "Rausch, Stephan"]
[Result "0-1"]
[WhiteElo "2055"]
[BlackElo "2253"]
[PlyCount "88"]
[EventDate "2018.10.21"]
[EventType "team-tourn"]
[EventCountry "GER"]
[WhiteTeam "Magdeburg SV Rochade"]
[BlackTeam "Leipzig SG"]
[WhiteTeamCountry "GER"]
[BlackTeamCountry "GER"]

1. d4 d5 2. c4 e6 3. Nc3 Nf6 4. Bg5 Be7 5. e3 h6 6. Bh4 O-O 7. Nf3 c6 8. cxd5
exd5 9. Qc2 Nbd7 10. Bd3 Ne8 11. Bxe7 Qxe7 12. O-O Nd6 13. b4 Nb6 14. b5 cxb5
15. Nxb5 Nxb5 16. Bxb5 Be6 17. Ne5 Rfc8 18. Qb2 Rc7 19. Rfd1 Bf5 20. Bd3 Bxd3
21. Nxd3 Rac8 22. Nc5 Nd7 23. Nxd7 Qxd7 24. Rdc1 Qa4 25. h3 b5 26. Rxc7 Rxc7
27. Rc1 Rc4 28. Rc3 b4 29. Rb3 a5 30. a3 g5 31. axb4 axb4 32. e4 dxe4 33. d5
Qd7 34. Qe5 Qb5 35. f3 Qc5+ 36. Kh2 Qd4 37. Qf5 e3 38. Rd3 Qf4+ 39. Qxf4 gxf4
40. d6 Rc8 41. Kg1 Rc1+ 42. Kh2 e2 43. d7 e1=Q 44. d8=Q+ Kh7 0-1

[Event "Oberliga Ost A 2018 2019"]
[Site "?"]
[Date "2019.02.03"]
[Round "7.8"]
[White "Hentze, Markus"]
[Black "Kahe, Ralph"]
[Result "1/2-1/2"]
[WhiteElo "2141"]
[BlackElo "2151"]
[PlyCount "79"]
[EventDate "2018.10.21"]
[EventType "team-tourn"]
[EventCountry "GER"]
[WhiteTeam "Leipzig SG"]
[BlackTeam "Magdeburg SV Rochade"]
[WhiteTeamCountry "GER"]
[BlackTeamCountry "GER"]

1. e4 g6 2. d4 Bg7 3. Nc3 a6 4. f4 b5 5. a3 Bb7 6. e5 d6 7. Nf3 Nd7 8. Be3 e6
9. Bd3 Ne7 10. O-O Nb6 11. Qe2 O-O 12. Rfc1 Qd7 13. Nd1 Ned5 14. c4 bxc4 15.
Bxc4 Nxc4 16. Rxc4 Rfb8 17. Rac1 a5 18. R4c2 Ba6 19. Qd2 Bb5 20. Nc3 Ba4 21.
Nxa4 Qxa4 22. Ng5 Rb3 23. Bf2 Bh6 24. exd6 Bxg5 25. fxg5 cxd6 26. Rc8+ Rxc8 27.
Rxc8+ Kg7 28. h4 Qb5 29. Rc2 a4 30. Qc1 Qb7 31. Be1 Rd3 32. Rd2 Qb5 33. Rxd3
Qxd3 34. Qd2 Qe4 35. Bg3 e5 36. dxe5 dxe5 37. Kh2 Ne3 38. Kg1 Nf5 39. Qd8 Nxg3
40. Qf6+ 1/2-1/2

[Event "Oberliga Ost A 2018 2019"]
[Site "?"]
[Date "2019.02.03"]
[Round "7.1"]
[White "Sieber, Fiona"]
[Black "Richter, Leonard"]
[Result "1/2-1/2"]
[WhiteElo "2264"]
[BlackElo "2292"]
[PlyCount "121"]
[EventDate "2018.10.21"]
[EventType "team-tourn"]
[EventCountry "GER"]
[WhiteTeam "Magdeburg SG Aufbau Elbe"]
[BlackTeam "Leipzig SG II"]
[WhiteTeamCountry "GER"]
[BlackTeamCountry "GER"]

1. e4 c5 2. Nf3 d6 3. d4 cxd4 4. Nxd4 Nf6 5. Nc3 a6 6. Be3 e5 7. Nb3 Be6 8. Qd2
Be7 9. f3 Nbd7 10. g4 O-O 11. O-O-O b5 12. g5 b4 13. Ne2 Ne8 14. f4 a5 15. f5
a4 16. Nbd4 exd4 17. Nxd4 b3 18. Kb1 bxc2+ 19. Nxc2 Bb3 20. axb3 axb3 21. Na3
Ne5 22. h4 Ra4 23. Rh3 Qa8 24. Qd5 Rxa3 25. bxa3 Qxa3 26. Qd2 Nf6 27. Qb2 Qa8
28. Bd4 Qxe4+ 29. Bd3 Qg4 30. Rhh1 Nxd3 31. Rxd3 Qxf5 32. Rhd1 Nh5 33. Be3 Rb8
34. Qd4 Qb5 35. Kb2 Bf8 36. Qd5 Qa4 37. Rxb3 Ra8 38. Rf1 Qa2+ 39. Kc3 Rc8+ 40.
Kd4 Qa7+ 41. Kd3 Qa6+ 42. Qb5 Qa2 43. Rf2 Qa1 44. Bd2 Qd1 45. Rc3 Rxc3+ 46.
Kxc3 Ng3 47. Qd5 Qa1+ 48. Kc2 Qa4+ 49. Kd3 Qa6+ 50. Kc2 Qa4+ 51. Kb2 Qd7 52.
Bc3 Nh5 53. Kc2 Qa7 54. Rf3 Qa4+ 55. Kd2 Nf4 56. Qf5 Qa2+ 57. Qc2 Qd5+ 58. Ke3
Ng6 59. Qa4 Ne5 60. Bxe5 dxe5 61. Qe8 1/2-1/2

[Event "Oberliga Ost A 2018 2019"]
[Site "?"]
[Date "2019.02.03"]
[Round "7.2"]
[White "Boehnisch, Manfred"]
[Black "Roseneck, Jonas"]
[Result "1/2-1/2"]
[WhiteElo "2262"]
[BlackElo "2278"]
[PlyCount "90"]
[EventDate "2018.10.21"]
[EventType "team-tourn"]
[EventCountry "GER"]
[WhiteTeam "Leipzig SG II"]
[BlackTeam "Magdeburg SG Aufbau Elbe"]
[WhiteTeamCountry "GER"]
[BlackTeamCountry "GER"]

1. e4 c5 2. Nf3 d6 3. Bb5+ Nd7 4. d4 cxd4 5. Qxd4 a6 6. Bxd7+ Bxd7 7. Nc3 e5 8.
Qd3 h6 9. a4 Rc8 10. Be3 Nf6 11. a5 Qc7 12. O-O Be7 13. Nd2 O-O 14. f3 Be6 15.
Rfc1 Qc6 16. Qe2 Rfd8 17. Bb6 Rd7 18. Kh1 d5 19. exd5 Nxd5 20. Nxd5 Qxd5 21.
Nf1 Qc6 22. c3 Bd6 23. Rd1 Re7 24. Rd2 Bb3 25. Ng3 Re6 26. Qe4 Bc7 27. Bxc7
Qxc7 28. Qb4 Bc4 29. Ne4 Rc6 30. Nd6 Rb8 31. Nxc4 Rxc4 32. Qd6 Re8 33. Qxc7
Rxc7 34. Rad1 f6 35. Kg1 Kf7 36. Kf2 Rc5 37. Rd5 Rxd5 38. Rxd5 Ke6 39. Rc5 Re7
40. Rc4 Rd7 41. Rb4 Kd5 42. g4 Kc6 43. h4 Rd5 44. Rb6+ Kc7 45. b4 Rd2+ 1/2-1/2

[Event "Oberliga Ost A 2018 2019"]
[Site "?"]
[Date "2019.02.03"]
[Round "7.3"]
[White "Melamed, Tatjana"]
[Black "Schunk, Thomas"]
[Result "1-0"]
[WhiteElo "2368"]
[BlackElo "2137"]
[PlyCount "111"]
[EventDate "2018.10.21"]
[EventType "team-tourn"]
[EventCountry "GER"]
[WhiteTeam "Magdeburg SG Aufbau Elbe"]
[BlackTeam "Leipzig SG II"]
[WhiteTeamCountry "GER"]
[BlackTeamCountry "GER"]

1. e4 e5 2. Nf3 d6 3. d4 Nf6 4. dxe5 Nxe4 5. Qd5 Nc5 6. Bg5 Qd7 7. exd6 Bxd6 8.
Nc3 O-O 9. O-O-O Nc6 10. Nb5 Qg4 11. Nxd6 cxd6 12. Qc4 Ne4 13. h3 Qe6 14. Be3
h6 15. Qxe6 Bxe6 16. Bd3 d5 17. a3 Rfe8 18. Rhe1 a6 19. Bb6 Nf6 20. Nd4 Nd7 21.
Nxc6 bxc6 22. Be3 Ne5 23. Bf1 Nd7 24. Be2 Nf6 25. g4 Nd7 26. Bf1 f6 27. Bg2 Ne5
28. f4 Nc4 29. Bc5 Bf7 30. Bf1 Na5 31. Rxe8+ Bxe8 32. Re1 Nb7 33. Bb6 Nd6 34.
Re6 Ne4 35. Re7 h5 36. Bd3 hxg4 37. hxg4 Kf8 38. Rc7 a5 39. a4 Kg8 40. b3 Nd6
41. Ra7 Rxa7 42. Bxa7 Bd7 43. Be2 Ne4 44. Bb6 Kf7 45. Bxa5 Nf2 46. Bb6 Nxg4 47.
Ba6 Ke6 48. Bb7 Kd6 49. b4 g5 50. a5 gxf4 51. a6 f3 52. a7 d4 53. a8=Q f2 54.
Bc5+ Kd5 55. Ba6 Ne5 56. Bf1 1-0

[Event "Oberliga Ost A 2018 2019"]
[Site "?"]
[Date "2019.02.03"]
[Round "7.4"]
[White "Schultz, Andreas"]
[Black "Andre, Gordon"]
[Result "1/2-1/2"]
[WhiteElo "2160"]
[BlackElo "2334"]
[PlyCount "129"]
[EventDate "2018.10.21"]
[EventType "team-tourn"]
[EventCountry "GER"]
[WhiteTeam "Leipzig SG II"]
[BlackTeam "Magdeburg SG Aufbau Elbe"]
[WhiteTeamCountry "GER"]
[BlackTeamCountry "GER"]

1. d4 d5 2. c4 e6 3. Nc3 Be7 4. cxd5 exd5 5. Bf4 Nf6 6. e3 Bf5 7. Bd3 Bxd3 8.
Qxd3 c6 9. Nge2 Nbd7 10. O-O O-O 11. Ng3 Re8 12. f3 c5 13. Nb5 Rf8 14. Nf5 c4
15. Qd2 Ne8 16. e4 Nb6 17. Rfe1 a6 18. Nc3 Bb4 19. a3 Ba5 20. Qf2 Qd7 21. Qg3
Rd8 22. Bd6 g6 23. Nh6+ Kg7 24. Bxf8+ Kxf8 25. Red1 Bxc3 26. bxc3 Na4 27. Rdc1
Nf6 28. e5 Nh5 29. Qg5 Qe7 30. Qxe7+ Kxe7 31. g3 Ng7 32. Rc2 Ne6 33. Rb1 Rb8
34. Ng4 Nc7 35. Ne3 Ke6 36. f4 Nb5 37. Rbc1 h5 38. Kf2 Rc8 39. h3 Rc6 40. g4
hxg4 41. hxg4 Nc7 42. Rb1 b6 43. Rh1 b5 44. Rh7 Ke7 45. f5 gxf5 46. gxf5 Kf8
47. Rh8+ Ke7 48. Ng4 a5 49. Rb8 Rb6 50. Rxb6 Nxb6 51. Ne3 Kd7 52. Nd1 Nc8 53.
Ke3 Ne7 54. Rf2 Nc6 55. Rb2 b4 56. axb4 axb4 57. Rh2 Nb5 58. Rh7 bxc3 59. e6+
Ke8 60. Nxc3 Nxc3 61. Rxf7 Ne4 62. Rc7 Nb4 63. Rb7 Nc6 64. Rc7 Nb4 65. Rb7
1/2-1/2

[Event "Oberliga Ost A 2018 2019"]
[Site "?"]
[Date "2019.02.03"]
[Round "7.5"]
[White "Biastoch, Bennet"]
[Black "Gempe, Thomas"]
[Result "1-0"]
[WhiteElo "2202"]
[BlackElo "2170"]
[PlyCount "75"]
[EventDate "2018.10.21"]
[EventType "team-tourn"]
[EventCountry "GER"]
[WhiteTeam "Magdeburg SG Aufbau Elbe"]
[BlackTeam "Leipzig SG II"]
[WhiteTeamCountry "GER"]
[BlackTeamCountry "GER"]

1. e4 e5 2. Nf3 Nc6 3. Bb5 a6 4. Ba4 Nf6 5. O-O Nxe4 6. d4 exd4 7. Re1 d5 8.
Nxd4 Bd6 9. Nd2 Bxh2+ 10. Kf1 O-O 11. Nxc6 Nxd2+ 12. Qxd2 bxc6 13. Bxc6 a5 14.
a4 Ba6+ 15. Bb5 Qf6 16. Ra3 Bd6 17. Rh3 Bxb5+ 18. axb5 d4 19. Re4 Bb4 20. Qd3
g6 21. Qxd4 Qxd4 22. Rxd4 Rad8 23. Rhd3 Rxd4 24. Rxd4 Rb8 25. c4 Re8 26. Be3 f5
27. g3 Kf7 28. Kg2 h5 29. Kf3 Ke6 30. Bf4 Re7 31. Rd5 Kf6 32. Be3 g5 33. Bd4+
Kg6 34. c5 g4+ 35. Kg2 f4 36. gxf4 Bd2 37. Be5 h4 38. Rxd2 1-0

[Event "Oberliga Ost A 2018 2019"]
[Site "?"]
[Date "2019.02.03"]
[Round "7.6"]
[White "Limpert, Michael"]
[Black "Paul, Johannes"]
[Result "0-1"]
[WhiteElo "2162"]
[BlackElo "2385"]
[PlyCount "80"]
[EventDate "2018.10.21"]
[EventType "team-tourn"]
[EventCountry "GER"]
[WhiteTeam "Leipzig SG II"]
[BlackTeam "Magdeburg SG Aufbau Elbe"]
[WhiteTeamCountry "GER"]
[BlackTeamCountry "GER"]

1. e4 c5 2. Nf3 e6 3. Qe2 Nc6 4. g3 g6 5. Bg2 Bg7 6. O-O Nge7 7. d3 O-O 8. h4
h6 9. c3 e5 10. Be3 d6 11. Na3 f5 12. Qd2 Kh7 13. Nh2 Be6 14. Nc2 Qd7 15. f3
Rad8 16. d4 cxd4 17. cxd4 d5 18. dxe5 Nxe5 19. exd5 Nxd5 20. Rfd1 Nc4 21. Qf2
Nxb2 22. Rd4 Qc8 23. Rb1 Nxe3 24. Rxd8 Rxd8 25. Nxe3 Qc3 26. Qe1 Qxe1+ 27. Rxe1
Bxa2 28. Ra1 Bd4 29. Rxa2 Bxe3+ 30. Kh1 Nc4 31. Nf1 f4 32. gxf4 Rd1 33. Kh2
Bxf4+ 34. Kh3 a5 35. Ng3 Bxg3 36. Kxg3 b5 37. f4 b4 38. Be4 Rd4 39. Bb1 Na3 40.
Bc2 Nxc2 0-1

[Event "Oberliga Ost A 2018 2019"]
[Site "?"]
[Date "2019.02.03"]
[Round "7.7"]
[White "Schoene, Maria"]
[Black "Dietze, Frank"]
[Result "1/2-1/2"]
[WhiteElo "2171"]
[BlackElo "2094"]
[PlyCount "111"]
[EventDate "2018.10.21"]
[EventType "team-tourn"]
[EventCountry "GER"]
[WhiteTeam "Magdeburg SG Aufbau Elbe"]
[BlackTeam "Leipzig SG II"]
[WhiteTeamCountry "GER"]
[BlackTeamCountry "GER"]

1. e4 c5 2. Nf3 Nc6 3. d4 cxd4 4. Nxd4 g6 5. Nc3 Bg7 6. Be3 Nf6 7. Bc4 O-O 8.
Bb3 d6 9. f3 Bd7 10. Qd2 Rc8 11. O-O-O Ne5 12. Kb1 Re8 13. h4 h5 14. Bg5 Rc5
15. Nd5 Nxd5 16. exd5 a5 17. a3 Qb6 18. Rhe1 a4 19. Ba2 Bf5 20. Qb4 Bxc2+ 21.
Nxc2 Rb5 22. Be3 Rxb4 23. Bxb6 Rxb6 24. Nb4 Bf6 25. f4 Nd7 26. g3 Rc8 27. Rc1
Rxc1+ 28. Rxc1 Nc5 29. Rd1 Na6 30. Nd3 Nc5 31. Nb4 Ne4 32. Rd3 Rb5 33. Re3 Nd2+
34. Kc2 Nf1 35. Rd3 Rc5+ 36. Kb1 Kf8 37. Nc2 Rb5 38. Nb4 Ke8 39. Bc4 Rc5 40.
Ba2 Kd7 41. Nc2 Rb5 42. Nb4 Rc5 43. Nc2 e5 44. dxe6+ fxe6 45. Nb4 d5 46. Nc2 b6
47. Nb4 Nh2 48. Rd1 Nf3 49. Nd3 Rc8 50. Nb4 Nd4 51. Bxd5 Ke7 52. Be4 Kf7 53.
Nc2 Nb3 54. Rd7+ Ke8 55. Rd1 Kf7 56. Rd7+ 1/2-1/2

[Event "Oberliga Ost A 2018 2019"]
[Site "?"]
[Date "2019.02.03"]
[Round "7.8"]
[White "Roemling, Sven"]
[Black "Rafayevych, Vilen"]
[Result "1/2-1/2"]
[WhiteElo "2150"]
[BlackElo "2076"]
[PlyCount "119"]
[EventDate "2018.10.21"]
[EventType "team-tourn"]
[EventCountry "GER"]
[WhiteTeam "Leipzig SG II"]
[BlackTeam "Magdeburg SG Aufbau Elbe"]
[WhiteTeamCountry "GER"]
[BlackTeamCountry "GER"]

1. d4 Nf6 2. Nf3 c5 3. d5 b5 4. g3 Bb7 5. a4 Bxd5 6. axb5 Bxf3 7. exf3 d5 8. c4
e6 9. Bg2 Nbd7 10. O-O Be7 11. f4 Nb6 12. b3 O-O 13. Qe2 Re8 14. Ra6 Qc7 15.
Bb2 Nfd7 16. Nc3 Bf6 17. Rfa1 Bd4 18. Na4 e5 19. Bxd4 exd4 20. Qd3 Nxa4 21.
R6xa4 Nb6 22. Ra6 Qd7 23. cxd5 Nxd5 24. Qc4 Rad8 25. Rxa7 Qf5 26. Qxc5 d3 27.
Bxd5 Qxd5 28. Qxd5 Rxd5 29. Ra8 Kf8 30. Rxe8+ Kxe8 31. Rd1 d2 32. b6 Ke7 33.
Kf1 Rb5 34. Ke2 Rxb3 35. Rxd2 Rxb6 36. Rd5 Rb3 37. Kf1 Ke6 38. Re5+ Kf6 39. Kg2
g6 40. g4 h6 41. h4 Ra3 42. Rb5 Rc3 43. f3 Ra3 44. Kg3 Ra6 45. h5 gxh5 46. Rxh5
Kg6 47. Rb5 Ra1 48. Rb6+ Kg7 49. Rb7 Ra5 50. f5 Ra3 51. Rb5 Kf6 52. Rd5 Kg5 53.
Rd8 Kf6 54. Re8 Rb3 55. Kf4 Ra3 56. Re4 Ra2 57. Rb4 Ra6 58. Kg3 Ra3 59. Rf4 Kg5
60. Rb4 1/2-1/2

[Event "Oberliga Ost A 2018 2019"]
[Site "?"]
[Date "2019.03.23"]
[Round "8.1"]
[White "Pulpan, Jakub"]
[Black "Uhlmann, Wolfgang"]
[Result "1-0"]
[WhiteElo "2417"]
[BlackElo "2312"]
[PlyCount "83"]
[EventDate "2018.10.21"]
[EventType "team-tourn"]
[EventCountry "GER"]
[WhiteTeam "Aue ESV Nickelhuette II"]
[BlackTeam "Dresden USV TU II"]
[WhiteTeamCountry "GER"]
[BlackTeamCountry "GER"]

1. e4 e6 2. d4 d5 3. Nc3 Bb4 4. e5 Ne7 5. a3 Bxc3+ 6. bxc3 c5 7. h4 Bd7 8. h5
Qc7 9. Nf3 Nbc6 10. h6 gxh6 11. Bxh6 O-O-O 12. Bg7 Rhg8 13. Bf6 Rg4 14. Qd2
Rdg8 15. Bxe7 Nxe7 16. Rxh7 Nf5 17. Rxf7 cxd4 18. Bb5 Re4+ 19. Kd1 Bxb5 20.
Rxc7+ Kxc7 21. Nxd4 Bd7 22. Nxf5 Rxg2 23. Kc1 exf5 24. Qxd5 Rg6 25. Qa5+ Kb8
26. Kd2 b6 27. Qd5 Kc7 28. Rh1 Rg7 29. Qd6+ Kb7 30. f3 Rc4 31. Qd5+ Rc6 32. Rh6
Be8 33. Ke3 Rgc7 34. Kf4 Ka6 35. Rxc6 Bxc6 36. Qd8 Rd7 37. Qc8+ Kb5 38. a4+ Kc5
39. Qf8+ Kd5 40. Qxf5 Kc5 41. e6+ Rd5 42. Qf8+ 1-0

[Event "Oberliga Ost A 2018 2019"]
[Site "?"]
[Date "2019.03.23"]
[Round "8.2"]
[White "Urban, Konstantin"]
[Black "Jurasek, Miroslav"]
[Result "1/2-1/2"]
[WhiteElo "2319"]
[BlackElo "2234"]
[PlyCount "120"]
[EventDate "2018.10.21"]
[EventType "team-tourn"]
[EventCountry "GER"]
[WhiteTeam "Dresden USV TU II"]
[BlackTeam "Aue ESV Nickelhuette II"]
[WhiteTeamCountry "GER"]
[BlackTeamCountry "GER"]

1. e4 e6 2. d4 d5 3. Nd2 Nc6 4. Ngf3 Nf6 5. e5 Nd7 6. Be2 f6 7. exf6 Qxf6 8.
Nf1 Bd6 9. Ne3 O-O 10. O-O Qg6 11. Qd3 Qxd3 12. Bxd3 Nb4 13. Be2 c5 14. c4 Nf6
15. a3 Nc6 16. cxd5 exd5 17. dxc5 Bxc5 18. Rd1 d4 19. Nc2 Bg4 20. b4 Bb6 21.
Bb2 Rae8 22. Bc4+ Kh8 23. Ncxd4 Ne4 24. Bd5 Nxd4 25. Bxd4 Bxd4 26. Rxd4 Bxf3
27. gxf3 Nc3 28. Bc4 Ne2+ 29. Bxe2 Rxe2 30. Rad1 Ra2 31. Rd8 Kg8 32. Rxf8+ Kxf8
33. Rd7 Rxa3 34. Rxb7 a6 35. Kg2 Rb3 36. Rb6 g6 37. Kg3 Kg7 38. h4 Kh6 39. Kg4
Rb2 40. f4 Rxf2 41. Rxa6 Rg2+ 42. Kh3 Rb2 43. Rb6 Kg7 44. b5 Rb3+ 45. Kg2 Kh6
46. f5 Kg7 47. fxg6 hxg6 48. Rb8 Kh6 49. b6 Kg7 50. Kf2 Rb4 51. Kg3 Kh7 52.
Rb7+ Kh6 53. Kh3 g5 54. hxg5+ Kxg5 55. Rb8 Kf6 56. Kg3 Ke7 57. b7 Kd7 58. Rh8
Rxb7 59. Rh7+ Kc6 60. Rxb7 Kxb7 1/2-1/2

[Event "Oberliga Ost A 2018 2019"]
[Site "?"]
[Date "2019.03.23"]
[Round "8.3"]
[White "Heinz, Thomas"]
[Black "Wegener, Dirk"]
[Result "1/2-1/2"]
[WhiteElo "2141"]
[BlackElo "2379"]
[PlyCount "89"]
[EventDate "2018.10.21"]
[EventType "team-tourn"]
[EventCountry "GER"]
[WhiteTeam "Aue ESV Nickelhuette II"]
[BlackTeam "Dresden USV TU II"]
[WhiteTeamCountry "GER"]
[BlackTeamCountry "GER"]

1. e4 e6 2. d4 d5 3. exd5 exd5 4. Nf3 Bd6 5. Bd3 Bg4 6. c3 Ne7 7. Bg5 Nbc6 8.
Nbd2 Qd7 9. Nf1 f6 10. Bh4 O-O-O 11. Ne3 h5 12. Bg3 Bxg3 13. hxg3 Nf5 14. Nxf5
Bxf5 15. Qc2 Rde8+ 16. Kd2 Bxd3 17. Qxd3 Re4 18. Rae1 Rhe8 19. Rxh5 g5 20. Reh1
Na5 21. Rh8 g4 22. Rxe8+ Qxe8 23. Nh4 Qa4 24. f3 gxf3 25. gxf3 Nc4+ 26. Kc1
Qxa2 27. fxe4 Qxb2+ 28. Kd1 Qa1+ 29. Ke2 Qxh1 30. e5 Qh2+ 31. Kf3 Nd2+ 32. Kg4
Ne4 33. Qf3 Qf2 34. Qxf2 Nxf2+ 35. Kf5 fxe5 36. dxe5 a5 37. e6 Ne4 38. Kg6 a4
39. Nf5 a3 40. e7 Kd7 41. Kf7 Ng5+ 42. Kf8 Ne6+ 43. Kf7 Ng5+ 44. Kf8 Ne6+ 45.
Kf7 1/2-1/2

[Event "Oberliga Ost A 2018 2019"]
[Site "?"]
[Date "2019.03.23"]
[Round "8.4"]
[White "Salzmann, Peter"]
[Black "Rosko, Lubos"]
[Result "0-1"]
[WhiteElo "2151"]
[BlackElo "2298"]
[PlyCount "86"]
[EventDate "2018.10.21"]
[EventType "team-tourn"]
[EventCountry "GER"]
[WhiteTeam "Dresden USV TU II"]
[BlackTeam "Aue ESV Nickelhuette II"]
[WhiteTeamCountry "GER"]
[BlackTeamCountry "GER"]

1. c4 g6 2. Nc3 c5 3. g3 Nc6 4. Bg2 Bg7 5. d3 e5 6. Qa4 Nge7 7. Ne4 d6 8. Bg5
h6 9. Bf6 O-O 10. e3 Bxf6 11. Nxf6+ Kg7 12. Nd5 Nxd5 13. cxd5 Nb4 14. O-O-O b5
15. Qb3 a5 16. Kb1 c4 17. dxc4 bxc4 18. Qxc4 Ba6 19. Qb3 Rb8 20. Qa3 Qc7 21.
Qc3 Qxc3 22. bxc3 Nd3+ 23. Ka1 Nxf2 24. Nf3 Nxd1 25. Rxd1 Be2 26. Rc1 Bxf3 27.
Bxf3 f5 28. c4 Rfc8 29. e4 Rb4 30. Be2 fxe4 31. a3 Rbb8 32. Rc3 Kf6 33. Re3 Kf5
34. Bf1 g5 35. Bh3+ g4 36. Bf1 Rc7 37. Ka2 a4 38. Rc3 Rcb7 39. Rc2 e3 40. Bd3+
e4 41. Be2 h5 42. h3 gxh3 43. Bxh5 Rb2+ 0-1